00523nam a2200157Ia 4500008004100000082002000041100001500061245002500076260003200101300000900133630002500142730002500167942000900192999001900201952014500220100122s9999 xx 000 0 und d b25209a792.0954 aMATHUR J C aDRAMA IN RURAL INDIA bASIA PUBLISHING HOUSEc1964 a1964 aDRAMA IN RURAL INDIA aDRAMA IN RURAL INDIA cBOOK c367769d367766 00104070aSVPPARLEbSVPPARLEd1977-03-31g17.00l0o25209pSVPPARLE-25209r2010-01-25 00:00:00v17.00w2010-01-25yBOOKz", , General, NA"